[Event "Natal Potiguar-ch sf"]
[Site "Natal"]
[Date "2017.09.08"]
[Round "2"]
[White "Da Silva, Igor Fernandes"]
[Black "Azevedo, Alcides Alexandre"]
[Result "1-0"]
[WhiteElo "1824"]
[BlackElo "2040"]
[PlyCount "87"]
[EventDate "2017.09.08"]
[EventType "swiss"]
[EventRounds "6"]
[EventCountry "BRA"]
[SourceTitle "CBM 180 Extra"]
[Source "ChessBase"]
[SourceDate "2017.10.06"]
[SourceVersion "1"]
[SourceVersionDate "2017.10.06"]
[SourceQuality "1"]

1. e4 c5 2. Nf3 d6 3. d4 cxd4 4. Nxd4 Nf6 5. Nc3 a6 6. Bg5 Nbd7 7. f4 b5 8. a3 Bb7 9. Qf3 Rc8 10. Bd3 Qb6 11. Bxf6 Nxf6 12. 0-0-0 e6 13. g4 Rxc3 14. bxc3 d5 15. e5 Bxa3+ 16. Kd2 Ne4+ 17. Bxe4 dxe4 18. Qe3 Bc5 19. Ke2 Qc7 20. Rhf1 Bd5 21. Rfe1 h5 22. g5 g6 23. h4 Ke7 24. Kf2 Rc8 25. Re2 Bb6 26. Kg1 Qxc3 27. Nf5+ gxf5 28. Qxb6 Qc5+ 29. Qxc5+ Rxc5 30. Ra1 Rc6 31. Kf2 Rc3 32. Rxa6 Rf3+ 33. Ke1 Rxf4 34. Re3 Rxh4 35. Ra7+ Kf8 36. g6 fxg6 37. Rea3 Rh1+ 38. Kd2 Rh2+ 39. Kd1 Rh1+ 40. Kd2 f4 41. Rc7 Rh2+ 42. Kc1 f3 43. Raa7 f2 44. Rc8# 1-0

[Event "Natal Potiguar-ch"]
[Site "Natal"]
[Date "2016.02.20"]
[Round "3"]
[White "De Menezes, Ricardo Fagner Dias"]
[Black "Azevedo, Alcides Alexandre"]
[Result "0-1"]
[WhiteElo "1617"]
[BlackElo "2040"]
[PlyCount "47"]
[EventDate "2016.02.19"]
[EventType "tourn"]
[EventRounds "11"]
[EventCountry "BRA"]
[SourceTitle "CBM 171 Extra"]
[Source "ChessBase"]
[SourceDate "2016.04.26"]
[SourceVersion "1"]
[SourceVersionDate "2016.04.26"]
[SourceQuality "1"]

1. Nf3 d5 2. c3 g6 3. g3 Bg7 4. Bg2 e5 5. d3 f5 6. 0-0 e4 7. dxe4 fxe4 8. Nd4 Nf6 9. Be3 Ng4 10. Bd2 c5 11. Nc2 Qb6 12. Qc1 0-0 13. h3 Ne5 14. Nba3 Nbc6 15. Rb1 d4 16. cxd4 cxd4 17. Bxe4 Bxh3 18. Bd5+ Kh8 19. Bg2 Bxg2 20. Kxg2 d3 21. Be3 Qd8 22. exd3 Qd5+ 23. Kh2 Nf3+ 24. Kg2 0-1

[Event "Potiguar-ch sf"]
[Site "Natal"]
[Date "2015.09.06"]
[Round "5"]
[White "Hiramine, Rodrigo Yoshio Ferr"]
[Black "Azevedo, Alcides Alexandre"]
[Result "1/2-1/2"]
[WhiteElo "2013"]
[BlackElo "2025"]
[PlyCount "142"]
[EventDate "2015.09.04"]
[EventType "swiss"]
[EventRounds "7"]
[EventCountry "BRA"]
[SourceTitle "EXT 2022"]
[Source "ChessBase"]
[SourceDate "2021.10.06"]
[SourceVersion "1"]
[SourceVersionDate "2021.10.06"]
[SourceQuality "1"]

1. e4 c5 2. Nf3 d6 3. Bb5+ Nc6 4. 0-0 Bd7 5. c3 Nf6 6. Bd3 g6 7. Bc2 Bg7 8. Re1 0-0 9. d3 Qc7 10. Nbd2 e5 11. a4 h6 12. Nf1 Be6 13. Be3 Ng4 14. h3 Nxe3 15. Nxe3 Kh7 16. Bb3 Bxb3 17. Qxb3 Ne7 18. Rad1 f5 19. Nd5 Nxd5 20. Qxd5 Qc6 21. Qb3 Rae8 22. Re2 Re7 23. Nd2 Ref7 24. c4 Bf6 25. Nb1 Qc8 26. Nc3 f4 27. f3 Bh4 28. Nb5 Qb8 29. Qa3 a5 30. Rc2 h5 31. Kf1 Rg7 32. Ke2 Bd8 33. Kd2 g5 34. Kc3 Rf6 35. Rh1 Kg8 36. Qa1 Rfg6 37. Qg1 b6 38. Kb3 Be7 39. Ka2 Kf7 40. Rc3 Qg8 41. Qh2 Qe8 42. Rb3 Qd7 43. Nc3 Bd8 44. Rb5 Qc6 45. Nd5 Kg8 46. Rc1 h4 47. Rc3 Rb7 48. Qg1 Rgg7 49. Ra3 Rgf7 50. Qd1 Kg7 51. Rbb3 Kh6 52. Rc3 Ra7 53. Rc1 Rfb7 54. Qb3 Kg7 55. Nc3 Ra8 56. Qb5 Qxb5 57. Nxb5 Be7 58. Rcc3 Rab8 59. Rcb3 Kf7 60. Nc3 Ke6 61. Rb5 Bd8 62. Rab3 Kd7 63. Kb1 Kc6 64. Kc2 Rc8 65. Nd5 Ra8 66. Ra3 Rc8 67. Ra1 Rf7 68. Rb1 Ra8 69. Kd2 Ra6 70. Ke2 Ra8 71. Kf2 Rf8 1/2-1/2

[Event "Natal Potiguar op 10th"]
[Site "Natal"]
[Date "2015.07.04"]
[Round "3"]
[White "Azevedo, Alcides Alexandre"]
[Black "Da Silva, Antonio Dutra"]
[Result "1-0"]
[WhiteElo "2038"]
[BlackElo "1768"]
[PlyCount "33"]
[EventDate "2015.07.03"]
[EventType "swiss"]
[EventRounds "6"]
[EventCountry "BRA"]
[SourceTitle "CBM 167 Extra"]
[Source "ChessBase"]
[SourceDate "2015.09.14"]
[SourceVersion "1"]
[SourceVersionDate "2015.09.14"]
[SourceQuality "1"]

1. e4 c5 2. Nf3 d6 3. d4 cxd4 4. Nxd4 Nf6 5. Nc3 a6 6. Bc4 Nc6 7. Nxc6 bxc6 8. e5 dxe5 9. Bxf7+ Kxf7 10. Qxd8 g6 11. Qc7 Bd7 12. Bg5 Bg7 13. Bxf6 Bxf6 14. Qxd7 Rhd8 15. Qxc6 Rac8 16. Qxa6 e4 17. 0-0 1-0

[Event "Natal Potiguar op 4th"]
[Site "Natal"]
[Date "2014.07.27"]
[Round "5"]
[White "Lemos, Doriedson"]
[Black "Azevedo, Alcides Alexandre"]
[Result "1/2-1/2"]
[WhiteElo "2024"]
[BlackElo "2048"]
[PlyCount "39"]
[EventDate "2014.07.25"]
[EventType "swiss"]
[EventRounds "5"]
[EventCountry "BRA"]
[SourceTitle "EXT 2015"]
[Source "ChessBase"]
[SourceDate "2014.11.20"]
[SourceVersion "1"]
[SourceVersionDate "2014.11.20"]
[SourceQuality "1"]

1. d4 Nf6 2. c4 e6 3. Nc3 d5 4. Nf3 Be7 5. Bg5 0-0 6. Rc1 Nbd7 7. e3 Re8 8. Be2 dxc4 9. Bxc4 c5 10. 0-0 a6 11. a4 cxd4 12. Nxd4 Nb6 13. Bb3 h6 14. Bh4 Nbd5 15. Bxf6 Nxf6 16. Qe2 e5 17. Nf3 Qb6 18. Ba2 Bb4 19. Nd5 Nxd5 20. Bxd5 1/2-1/2

[Event "Natal Potiguar op 3rd"]
[Site "Natal"]
[Date "2014.04.20"]
[Round "4"]
[White "Azevedo, Alcides Alexandre"]
[Black "Andrade, Roberto Luiz Costa"]
[Result "1/2-1/2"]
[WhiteElo "2029"]
[BlackElo "2199"]
[PlyCount "131"]
[EventDate "2014.04.18"]
[EventType "swiss"]
[EventRounds "5"]
[EventCountry "BRA"]
[SourceTitle "CBM 160 Extra"]
[Source "ChessBase"]
[SourceDate "2014.07.01"]
[SourceVersion "1"]
[SourceVersionDate "2014.07.01"]
[SourceQuality "1"]

1. c4 c5 2. Nf3 Nf6 3. d4 cxd4 4. Nxd4 e5 5. Nb5 d5 6. cxd5 Bc5 7. e3 0-0 8. Bc4 a6 9. N5c3 e4 10. a3 Bf5 11. Nd2 Nbd7 12. Nb3 Bd6 13. Nd4 Bg6 14. f4 exf3 15. Nxf3 Ng4 16. Qd4 Nxe3 17. Qxe3 Re8 18. 0-0 Bc5 19. Nd4 Rxe3 20. Bxe3 b5 21. Ba2 Qb6 22. Rad1 Re8 23. Bf2 Bh5 24. b4 Bxd1 25. bxc5 Qxc5 26. Nxd1 Qxa3 27. Bb1 Nf6 28. d6 Qxd6 29. h3 b4 30. Nf5 Qd2 31. Be3 Qe2 32. Bd4 Qd2 33. Be3 Qd7 34. Bd4 Re2 35. Nde3 Nd5 36. Ng4 Qc6 37. Bxg7 Rxg2+ 38. Kxg2 Ne3+ 39. Kf2 Nxf5 40. Bxf5 Kxg7 41. Ne3 h5 42. Bd3 b3 43. Rb1 Qc3 44. Ke2 a5 45. Rg1+ Kf8 46. Bh7 Qb2+ 47. Kd3 f6 48. Bg6 Qh2 49. Rf1 Qd6+ 50. Ke2 Qh2+ 51. Kd3 Qd6+ 52. Ke2 Qe5 53. Rd1 a4 54. Kf3 h4 55. Nf5 Qc3+ 56. Ke2 Qc8 57. Rd4 Qc2+ 58. Ke3 Qc3+ 59. Ke2 Qc2+ 60. Ke3 Qc3+ 61. Ke2 Qc8 62. Rxh4 Qc2+ 63. Ke3 Qc1+ 64. Ke2 Qc2+ 65. Ke3 Qc1+ 66. Ke2 1/2-1/2

[Event "Natal CBX zt"]
[Site "Natal"]
[Date "2014.02.22"]
[Round "3"]
[White "De Souza, Jose Roberto"]
[Black "Azevedo, Alcides Alexandre"]
[Result "0-1"]
[WhiteElo "1684"]
[BlackElo "2012"]
[PlyCount "76"]
[EventDate "2014.02.21"]
[EventType "swiss"]
[EventRounds "5"]
[EventCountry "BRA"]
[SourceTitle "CBM 159 Extra"]
[Source "ChessBase"]
[SourceDate "2014.04.24"]
[SourceVersion "1"]
[SourceVersionDate "2014.04.24"]
[SourceQuality "1"]

1. d4 Nf6 2. c4 e6 3. Nc3 d5 4. Bg5 Be7 5. Nf3 0-0 6. e3 Nbd7 7. Bd3 dxc4 8. Bxc4 c5 9. 0-0 a6 10. a4 cxd4 11. exd4 Qc7 12. Bd3 b6 13. Rc1 Qb8 14. Re1 Bb7 15. Bxf6 Nxf6 16. Ne4 Qf4 17. Nxf6+ Bxf6 18. Be2 Rfd8 19. g3 Qe4 20. Qc2 Qxc2 21. Rxc2 Bxd4 22. Nxd4 Rxd4 23. Rc7 Bd5 24. Bxa6 g6 25. Bb5 Rd2 26. Bc6 Bxc6 27. Rxc6 Rxb2 28. Ra1 Rb4 29. Kg2 Ra5 30. Rd1 Rb2 31. Rd8+ Kg7 32. Rd7 Rf5 33. Rcc7 Rfxf2+ 34. Kh3 h5 35. Kh4 Kh6 36. g4 g5+ 37. Kg3 h4+ 38. Kh3 Rxh2# 0-1

[Event "Joao Pessoa op 4th"]
[Site "Joao Pessoa"]
[Date "2013.03.17"]
[Round "6"]
[White "Azevedo, Alcides Alexandre"]
[Black "Silva, Carolina Alves"]
[Result "1-0"]
[WhiteElo "2042"]
[BlackElo "1720"]
[PlyCount "140"]
[EventDate "2013.03.15"]
[EventType "swiss"]
[EventRounds "6"]
[EventCountry "BRA"]
[SourceTitle "CBM 153 Extra"]
[Source "ChessBase"]
[SourceDate "2013.04.22"]
[SourceVersion "1"]
[SourceVersionDate "2013.04.22"]
[SourceQuality "1"]

1. e4 c5 2. Nf3 Nc6 3. d4 cxd4 4. Nxd4 Nf6 5. Nc3 e5 6. Ndb5 d6 7. Bg5 a6 8. Bxf6 gxf6 9. Na3 Be6 10. Nd5 b5 11. c3 Bg7 12. Nc2 f5 13. Bd3 Bxd5 14. exd5 Ne7 15. a4 e4 16. Be2 Rb8 17. axb5 axb5 18. Nb4 Rb6 19. Ra5 0-0 20. Bxb5 Qb8 21. Qa4 Rc8 22. 0-0 Qc7 23. Bc6 Qd8 24. Ra7 Rc7 25. Ra1 Bf8 26. Qa5 Rxa7 27. Qxa7 Rb8 28. Qd7 Qxd7 29. Bxd7 Rb7 30. Bc6 Rb8 31. Kf1 Kg7 32. Ra7 Ng6 33. Bb7 Re8 34. Ra8 Re7 35. Bc8 Re8 36. Bb7 Re7 37. Ra7 Nf4 38. Nc6 Rc7 39. c4 Nd3 40. b4 Kf6 41. b5 Nc5 42. Ba6 Rxa7 43. Nxa7 Ke7 44. Bc8 f4 45. b6 Kd8 46. Bf5 e3 47. fxe3 fxe3 48. Nc6+ Ke8 49. Bc8 Bh6 50. b7 Na6 51. b8Q Nxb8 52. Nxb8 Bf4 53. g3 Be5 54. Ke2 Bd4 55. Nc6 Bc5 56. g4 f6 57. Bf5 h6 58. h4 Bb6 59. Nb4 Bc5 60. Nc2 Kd8 61. Nxe3 Bxe3 62. Kxe3 Kc7 63. Kd4 Kb6 64. c5+ dxc5+ 65. Kc4 Kb7 66. Kxc5 Kc7 67. d6+ Kd8 68. Kc6 Ke8 69. Bd7+ Kd8 70. Be6 Ke8 1-0

[Event "Joao Pessoa op 4th"]
[Site "Joao Pessoa"]
[Date "2013.03.16"]
[Round "4"]
[White "Cavalcanti, Francisco de Assis"]
[Black "Azevedo, Alcides Alexandre"]
[Result "1-0"]
[WhiteElo "2296"]
[BlackElo "2042"]
[PlyCount "68"]
[EventDate "2013.03.15"]
[EventType "swiss"]
[EventRounds "6"]
[EventCountry "BRA"]
[SourceTitle "CBM 153 Extra"]
[Source "ChessBase"]
[SourceDate "2013.04.22"]
[SourceVersion "1"]
[SourceVersionDate "2013.04.22"]
[SourceQuality "1"]

1. d4 d5 2. c4 e6 3. Nc3 Nf6 4. Nf3 Be7 5. g3 0-0 6. Bg2 dxc4 7. 0-0 c5 8. dxc5 Bxc5 9. Qa4 a6 10. Qxc4 Nbd7 11. Qb3 Qb6 12. Qc2 Qc7 13. Bg5 b5 14. Rac1 Bb7 15. b4 Be7 16. Rfd1 Rfe8 17. Be3 Qd8 18. a4 bxa4 19. Nxa4 Nd5 20. Bd4 Qb8 21. Nc5 Nxc5 22. Bxc5 Bf6 23. Nd4 g6 24. Qa2 Nxb4 25. Qa4 Bxg2 26. Kxg2 Qb7+ 27. Kg1 Nd5 28. e4 Nc7 29. Nb3 Nb5 30. Na5 Qb8 31. Qb4 Qe5 32. f4 Qb2 33. e5 Qxb4 34. Bxb4 Bg7 1-0

[Event "BRA-ch sf-B"]
[Site "Fortaleza"]
[Date "2012.11.04"]
[Round "7"]
[White "Azevedo, Alcides Alexandre"]
[Black "Martins, Clauber Figueiredo"]
[Result "1-0"]
[WhiteElo "2073"]
[BlackElo "1944"]
[PlyCount "67"]
[EventDate "2012.11.01"]
[EventType "swiss"]
[EventRounds "8"]
[EventCountry "BRA"]
[SourceTitle "EXT 2013"]
[Source "ChessBase"]
[SourceDate "2012.11.22"]
[SourceVersion "1"]
[SourceVersionDate "2012.11.22"]
[SourceQuality "1"]

1. c4 e5 2. Nc3 Bc5 3. g3 f5 4. Bg2 Nf6 5. Qc2 d6 6. Na4 Na6 7. a3 c6 8. Nxc5 Nxc5 9. b4 Na6 10. Bb2 0-0 11. b5 Nb8 12. d3 Qc7 13. bxc6 Nxc6 14. Nf3 b6 15. 0-0 h6 16. d4 e4 17. Nd2 Bb7 18. f3 d5 19. cxd5 Nxd5 20. fxe4 fxe4 21. Bxe4 Qd6 22. Nc4 Qe6 23. Bf5 Qe7 24. e4 Nf6 25. e5 Nd5 26. Nd6 Na5 27. Qe2 Rad8 28. Bd3 Ba8 29. Qe4 g5 30. Qg6+ Qg7 31. Qe6+ Kh8 32. Nf7+ Rxf7 33. Rxf7 Nc7 34. Qe7 1-0